000 00726nam a2200217 i 4500
001 111196
003 ES-MaACL
005 20251220213558.0
007 t|
008 061121s1903 fr r ||||1| fre d
100 1 _aOldenberg, Hermann.
_986690
245 1 3 _aLe Bouddha
_b: sa vie, sa doctrine, sa communauté /
_cpar H. Oldenberg,... ; traduit de l'allemand par A. Foucher,... ; avec une préface de M. Sylvain Lévi,...
260 _aParís :
_bChartres : Durand,
_c1903.
300 _aVI, 401 p. ;
_c23 cm.
600 0 4 _aBuda.
_9147808
600 1 4 _aFoucher, Alfred.
_951925
650 _aBudismo.
_910630
700 1 _aLévi, Sylvain,
_d1863-1935
_9154583
852 _aES-MaACL
_jB-6898
999 _c111196
_d111196